00744 2200181 4500245004400000020002200044250001100066100001500077700001600092650001700108005001900125260003000144041001400174084001100188300002300199500033100222336000900553 aPeanut Butter CookiescAry AlfarohText a978-602-407-360-2 aCet. 1 aAry Alfaro aVita Brevis aNovel Remaja a20240125111456 aYogyakartabLaksanac2018 aIndonesia a808.83 a264 hlm. :c20 cm. aFika yang hampir tidak pernah memasak, bertekad menyajikan kue kacang terenak untuk Ando, seorang cowok yang menjalani hidup membawa luka batin, rasa sesal karena kematian orang terkasih. Ia yang selalu saja menyimpan laraya sendiri. Sebuah kue yang menjadi penyembuh luka batin. Mengikis rasa bersalah, menyemikan rasa cinta. atext